000 00602nam a22002297a 4500
003 UA-OsUOA
001 92752
007 ta
008 20121224b un ||||| |||| 00| 0 ukr d
100 _aБожич М.
090 _a821.163.42
_bБ76
942 _cBK
040 _aUA-OsUOA
_bukr
_cUA-OsUOA
_dUA-OsUOA
245 _aПан полковник. Бомба
_bповісті
300 _a262 с.
955 _a3
041 _aukr
080 _a821.163.42
260 _aК.
_bДніпро
_c1984
650 7 _a82 Література. Літературознавство
_2UDC
999 _c379186
_d379186